Kingdom Hearts - Nobody to Somebody - Statistics

General Stats
  • This quiz has been taken 61 times
  • The average score is 11 of 13
Answer Stats
Nobody Somebody % Correct
Naminé Kairi (Sora)
100%
Roxas Sora (Ventus)
100%
Axel Lea
98%
Xemnas Ansem
92%
Saix Isa
92%
Vexen Even
87%
Xigbar Braig
81%
Xion No i
77%
Xaldin Dilan
75%
Zexion Ienzo
74%
Lexaeus Aeleus
66%
Marluxia Lauriam
58%
Larxene Elrena
53%
No matching quizzes found
Score Distribution
Percent of People with Each Score
Percentile by Number Answered
Your Score History
You have not taken this quiz